MARC

LEADER 00000nam0a2200000 4500
001 193307
005 20231101224457.0
035 |a (RuTPU)RU\TPU\book\210824 
090 |a 193307 
100 |a 20110322d1975 km y0rusy50 ca 
101 0 |a rus 
102 |a RU 
105 |a ac z 001zb 
200 1 |a Главный конструктор  |f П. Т. Асташенков 
210 |a Москва  |c Воениздат  |d 1975 
215 |a 286 с.  |c ил. 
225 1 |a Библиотечная серия 
320 |a Библиогр.: с. 282-283. 
600 1 |a Королев  |b С. П.  |c российский конструктор ракетно-космических систем  |c Герой Социалистического труда  |f 1906/1907-1966  |g Сергей Павлович  |2 stltpush  |3 (RuTPU)RU\TPU\pers\13510  |9 4159 
606 |a Космонавтика в СССР  |x История  |2 stltpush  |3 (RuTPU)RU\TPU\subj\15898  |9 42101 
610 1 |a космос 
610 1 |a космонавты 
610 1 |a биографии 
610 1 |a ученые 
610 1 |a конструкторы 
675 |a 629.78(09)  |v 3 
700 1 |a Асташенков  |b П. Т.  |g Петр Тимофеевич 
801 1 |a RU  |b 63413507  |c 20110322 
801 2 |a RU  |b 63413507  |c 20180213  |g RCR 
942 |c BK